Princess by Picture - Statistics

General Stats
  • This quiz has been taken 14 times
  • The average score is 6 of 7
Answer Stats
Picture Answer % Correct
Cinderella
100%
Jasmine
100%
Alice
92%
Princess Peach
92%
Belle
85%
Merida
77%
Princess Leia
69%
No matching quizzes found
Score Distribution
Percent of People with Each Score
Percentile by Number Answered
Your Score History
You have not taken this quiz